000 00489nam a22001697a 4500
005 20251108174746.0
008 250721s2009 xx 000 0 ara d
082 1 4 _a658.7/طوي
100 1 _aالطويل، أكرم أحمد
_eمؤلف
245 1 0 _aإدارة المواد /
264 1 _aعمان :
_bزهران للنشر،
_c2009.
300 _a381ص.
650 1 7 _aادارة الموارد
650 1 7 _aالادارة الصناعية
942 _2ddc
_cBK
999 _c117296
_d117296